Le deuil national dans le monde - Statistiques

Statistiques générales
  • Ce quiz a été pris 86 fois
  • Le résultat moyen est 31 sur 37
Statistiques - réponses
Année Evénement Pays % Correct
2022 Mort d'Elisabeth II Brésil | Canada | Cuba | Royaume-Uni
100%
1970 Mort de Charles de Gaulle France
100%
1974 Mort de Georges Pompidou France
100%
2019 Mort de Jacques Chirac France | Liban
100%
1975 Mort de Francisco Franco Espagne
97%
2002 Mort d'Elizabeth Bowes-Lyon Royaume-Uni
97%
2021 Mort de Philip Mountbatten Royaume-Uni
97%
2020 Mort de Diego Maradona Argentine
96%
1994 Mort d'Ayrton Senna Brésil
96%
2022 Mort de Pelé Brésil
96%
1958 Mort de Pie XII Italie
96%
1963 Mort de Jean XXIII Italie
96%
1978 Mort de Paul VI Italie
96%
2005 Mort de Jean-Paul II Italie
96%
1994 à 1997 Mort de Kim Il-sung Corée-du-Nord
95%
2011 Mort de Kim Jong-il Corée-du-Nord
95%
1967 Mort de Che Guevara Cuba
94%
2016 Mort de Fidel Castro Cuba
94%
2004 Mort de Yasser Arafat Egypte | Liban | Maroc | Tunisie
94%
1999 Mort d'Amalia Rodrigues Portugal
94%
2014 Mort d'Eusebio Portugal
94%
2017 Mort de Mario Soares Portugal
94%
2013 Mort de Nelson Mandela Afrique-du-Sud
91%
2010 Mort de Lech Kaczynski Pologne | Russie
90%
1999 Mort de Hassan II Maroc
89%
1935 Mort de la reine Astrid Belgique
86%
1993 Mort du roi Baudouin Belgique
86%
1981 Mort d'Anouar el-Sadate Egypte
80%
2020 Mort de Hosni Moubarak Egypte
80%
2012 Mort d'Ahmed Ben Bella Algérie
71%
1989 Mort de Rouhollah Khomeini Iran
68%
2013 Mort de Hugo Chavez Venezuela
61%
2005 Mort de Rafiq Hariri Liban
46%
2011 Mort de Vaclav Havel Tchéquie
42%
2016 Mort de Bhumibol Adulyadej Thaïlande
23%
2015 Mort de Mathieu Kérékou Bénin
18%
2017 Mort de Michel 1er Roumanie
18%
Aucun quiz correspondant
Distribution des résultats
% des personnes avec chaque résultat
Percentile par nombre de réponses
Votre historique - résultats
Vous n’avez pas pris ce quiz